| 000 | 00491nam a2200193Ia 4500 | ||
|---|---|---|---|
| 005 | 20250423095637.0 | ||
| 008 | 250422s9999 xx 000 0 und d | ||
| 020 | _a9780205153541 | ||
| 050 | _aJZ 1242 .B68/ | ||
| 100 | _aBova, Russell | ||
| 245 | 0 | _aHow the world works : a brief survey of international relations | |
| 250 | _a2nd ed. | ||
| 260 | _aBoston | ||
| 260 | _bLongman | ||
| 260 | _c2012 | ||
| 300 | _a318 p | ||
| 650 | _aInternational relations_Textbooks. | ||
| 942 | _cBK | ||
| 999 |
_c30894 _d30894 |
||